| 000 | 00677nam a22001337a 4500 | ||
|---|---|---|---|
| 040 | _cRUA | ||
| 082 | _aVEM SIE 2014 B441 Or.1 | ||
| 100 | _aSIENG RITHY ; សៀង រិទ្ធី | ||
| 245 | _aSurvey on haemorrhagic septicemia and foot and mouth disease of cattle at sensok , phnom penh , ការអង្កេតលើជំងឹសាទឹក និងអុតក្ដាមលើសត្វគោ នៅខណ្ឌសែនសុខ រាជធានីភ្នំពេញ | ||
| 260 |
_aPhnom Penh _bRUA _c2014 |
||
| 300 |
_ax ;45p. _bill. _c29cm. |
||
| 856 | _uhttps://drive.google.com/file/d/1O8IQQLbMgrkcbGoofGhdRoP09mQER9f5/view?usp=sharing | ||
| 942 | _cVEM | ||
| 999 |
_c7207 _d7207 |
||